New York Yankees Retired Numbers Quiz - Statistics

General Stats
  • This quiz has been taken 64 times
  • The average score is 16 of 24
Answer Stats
Number Player % Correct
3 Babe Ruth
100%
2 Derek Jeter
95%
4 Lou Gehrig
95%
5 Joe Dimaggio
93%
42 (League Wide) Jackie Robinson
91%
7 Mickey Mantle
91%
8 Yogi Berra
85%
42 Mariano Rivera
80%
51 Bernie Williams
69%
1 Billy Martin
69%
8 Bill Dickey
67%
9 Roger Maris
65%
6 Joe Torre
64%
44 Reggie Jackson
64%
15 Thurman Munson
62%
23 Don Mattingly
60%
21 Paul O'Neill
58%
20 Jorge Posada
56%
16 Whitey Ford
56%
10 Phil Rizzuto
51%
49 Ron Guidry
51%
46 Andy Pettite
47%
32 Elston Howard
38%
37 Casey Stengel
35%
No matching quizzes found
Score Distribution
Percent of People with Each Score
Percentile by Number Answered
Your Score History
You have not taken this quiz